[Event "4.liga A22 2019/2020"]
[Site "?"]
[Date "2019.12.15"]
[Round "5.5"]
[White "Slamena, Michal"]
[Black "Kalmar, Tamas"]
[Result "1-0"]
[WhiteElo "1989"]
[BlackElo "2077"]
[PlyCount "91"]
[EventDate "2019.10.13"]
[WhiteTeam "ŠK Hlohovec B"]
[BlackTeam "DSC Potôňska veža C"]

1. e4 c6 2. Nf3 d5 3. Nc3 Bg4 4. h3 Bxf3 5. Qxf3 e6 6. d3 Bb4 7. Bd2 d4 8. Nb1
Bxd2+ 9. Nxd2 Nf6 10. O-O-O Nbd7 11. g4 h6 12. Qg3 Qb8 13. Qxb8+ Rxb8 14. f4 c5
15. Be2 e5 16. f5 Nh7 17. h4 f6 18. Rdg1 Kf7 19. Nf3 Rbg8 20. c3 Rc8 21. Bd1 b5
22. Rh2 dxc3 23. bxc3 c4 24. d4 exd4 25. cxd4 Rhe8 26. Re2 Rcd8 27. e5 fxe5 28.
Nxe5+ Nxe5 29. dxe5 Rd4 30. g5 hxg5 31. hxg5 Nf8 32. g6+ Ke7 33. Rf1 Kd8 34.
Bc2 Rg4 35. Rd1+ Kc7 36. Rd5 a6 37. Red2 c3 38. Rc5+ Kb6 39. Rxc3 Rxe5 40. Rd6+
Kb7 41. Rd8 Re1+ 42. Kb2 Rb4+ 43. Ka3 Rf4 44. Rc5 Kb6 45. Rcc8 b4+ 46. Kb2 1-0

[Event "4.liga A22 2019/2020"]
[Site "?"]
[Date "2019.12.15"]
[Round "5.5"]
[White "Meszaros, Lorant"]
[Black "Tupy, Bystrik"]
[Result "1/2-1/2"]
[WhiteElo "1930"]
[BlackElo "1707"]
[PlyCount "143"]
[EventDate "2019.10.13"]
[WhiteTeam "DSC Potôňska veža C"]
[BlackTeam "ŠK Hlohovec B"]

1. d4 d5 2. c4 c6 3. Nf3 Nf6 4. g3 Bg4 5. Ne5 e6 6. Nxg4 Nxg4 7. e4 Nf6 8. e5
Ng8 9. Qb3 Qb6 10. Qxb6 axb6 11. cxd5 exd5 12. Nc3 Bb4 13. Bg2 f6 14. f4 fxe5
15. fxe5 Ne7 16. O-O Bxc3 17. bxc3 h6 18. a3 b5 19. Bb2 Nd7 20. Rf3 Rf8 21. e6
Nb6 22. Rxf8+ Kxf8 23. Bc1 Nf5 24. Bh3 Nd6 25. Kf1 Ne4 26. Ke2 Nxc3+ 27. Kd3
Ne4 28. Bf5 Nd6 29. g4 Nxf5 30. gxf5 Ke7 31. Bd2 Nc4 32. Bb4+ Kf6 33. e7 Kf7
34. Re1 Re8 35. Re6 Nb6 36. Ke3 Nc8 37. Kf4 Nxe7 38. Rd6 g6 39. fxg6+ Nxg6+ 40.
Kf3 Nh4+ 41. Kf2 Nf5 42. Rd7+ Kg6 43. Rxb7 Nxd4 44. Rc7 Re6 45. Rc8 Kf5 46. Rg8
Ke4 47. Rg4+ Kd3 48. Rg3+ Kc2 49. Kf1 Kb1 50. Bc5 Nf5 51. Rf3 Nh4 52. Rf4 Ng6
53. Rf5 Ne7 54. Rh5 Nc8 55. Kf2 Nd6 56. Kf3 Ka2 57. Rh3 Ne4 58. Be3 Ng5+ 59.
Bxg5 hxg5 60. Kg4 d4 61. Kxg5 Kb2 62. Kf4 Re3 63. Rh6 Rc3 64. Ke4 c5 65. Rb6 d3
66. Ke3 d2+ 67. Kxd2 Rc2+ 68. Kd3 c4+ 69. Kd4 Rd2+ 70. Ke3 Rxh2 71. Rxb5+ Kxa3
72. Kd4 1/2-1/2

[Event "4.liga A22 2019/2020"]
[Site "?"]
[Date "2019.12.15"]
[Round "5.5"]
[White "Tupy, Emil"]
[Black "Szocs, Ladislav"]
[Result "0-1"]
[WhiteElo "1616"]
[BlackElo "1763"]
[PlyCount "99"]
[EventDate "2019.10.13"]
[WhiteTeam "ŠK Hlohovec B"]
[BlackTeam "DSC Potôňska veža C"]

1. Nf3 Nf6 2. d4 g6 3. Nc3 d5 4. Bf4 Bg7 5. Nb5 Na6 6. a3 O-O 7. e3 Bf5 8. Be2
c5 9. Nc3 cxd4 10. Nxd4 Ne4 11. Bg3 Qa5 12. O-O Nxg3 13. fxg3 Be4 14. Bf3 Bxf3
15. Qxf3 e6 16. b4 Qb6 17. Nce2 e5 18. Qxd5 exd4 19. exd4 Rad8 20. Qb3 Rxd4 21.
Nxd4 Bxd4+ 22. Kh1 Bxa1 23. Rxa1 Qf2 24. c4 Re8 25. h3 Re2 26. Rg1 Re3 27. Qd1
Rxg3 28. Qd8+ Kg7 29. Qa5 Qe3 30. Kh2 Rg5 31. Qd8 Qe5+ 32. Kh1 Nc7 33. Rd1 Ne6
34. Qd7 Qe4 35. Rd2 Qxc4 36. Rf2 Qc1+ 37. Kh2 Qc7+ 38. Qxc7 Nxc7 39. Rc2 Nd5
40. Rc5 b6 41. Rc8 Re5 42. Ra8 Re7 43. Rd8 Nc7 44. Rb8 Ne6 45. a4 Rc7 46. a5
bxa5 47. bxa5 Rc5 48. a6 Ra5 49. Rb7 Rxa6 50. Kg3 0-1

[Event "4.liga A22 2019/2020"]
[Site "?"]
[Date "2019.12.15"]
[Round "5.5"]
[White "Both, Lajos"]
[Black "Jancicka, Viliam"]
[Result "1-0"]
[WhiteElo "1702"]
[BlackElo "1594"]
[PlyCount "118"]
[EventDate "2019.10.13"]
[WhiteTeam "DSC Potôňska veža C"]
[BlackTeam "ŠK Hlohovec B"]

1. Nf3 Nf6 2. c4 c5 3. b3 Nc6 4. Bb2 d6 5. g3 e5 6. d3 Be7 7. Bg2 Bd7 8. Nc3 a6
9. O-O Rb8 10. e3 b5 11. Nd2 b4 12. Nd5 Nxd5 13. Bxd5 Qc7 14. Qh5 O-O 15. f4 g6
16. Qh6 Bf6 17. Ne4 Bg7 18. Qg5 Be6 19. Nf6+ Kh8 20. Qh4 h6 21. fxe5 Nxe5 22.
Bxe5 dxe5 23. Bxe6 fxe6 24. Ne4 Rf5 25. Qh3 Qe7 26. g4 Rff8 27. Qg3 Rbc8 28. h4
Qd7 29. Rxf8+ Bxf8 30. Rd1 Bg7 31. Kf2 a5 32. Ke2 a4 33. bxa4 Qxa4 34. Rd2 b3
35. axb3 Qxb3 36. Qe1 Qb6 37. Qa1 Qd8 38. g5 hxg5 39. hxg5 Kg8 40. Qa6 Qd7 41.
Rb2 Rc7 42. Qb6 Qe7 43. Qb8+ Bf8 44. Nf6+ Kf7 45. Kf3 Qd6 46. Rb6 Qe7 47. Ke4
Ra7 48. Kxe5 Qc7+ 49. Qxc7+ Rxc7 50. Rxe6 Re7 51. Rxe7+ Bxe7 52. Ne4 Bf8 53. d4
cxd4 54. exd4 Bg7+ 55. Kd5 Ke7 56. c5 Kd7 57. c6+ Kc7 58. Nc5 Kc8 59. Ne6 Bh8
1-0

[Event "4.liga A22 2019/2020"]
[Site "?"]
[Date "2019.12.15"]
[Round "5.5"]
[White "Motycka, Juraj"]
[Black "Rozsas, Daniel"]
[Result "1/2-1/2"]
[WhiteElo "1489"]
[BlackElo "1668"]
[PlyCount "109"]
[EventDate "2019.10.13"]
[WhiteTeam "ŠK Hlohovec B"]
[BlackTeam "DSC Potôňska veža C"]

1. e4 c5 2. Nf3 e6 3. d4 cxd4 4. Nxd4 a6 5. Nc3 Qc7 6. a4 Nf6 7. Nb3 Nc6 8. g3
d6 9. Bg2 Be7 10. O-O O-O 11. Be3 Ne5 12. a5 Nc4 13. Bc1 b6 14. axb6 Nxb6 15.
e5 Nfd5 16. Nxd5 exd5 17. exd6 Qxd6 18. Na5 Ra7 19. Re1 Be6 20. Be3 Rc7 21. Bf4
Qc5 22. Bxc7 Qxc7 23. c3 Rb8 24. Qe2 Nd7 25. Rec1 Rb5 26. b4 Bg5 27. f4 Bf6 28.
Qd2 Qb6+ 29. Kh1 d4 30. cxd4 Rxb4 31. Rc8+ Nf8 32. Rc6 Qb5 33. Rc5 Qb6 34. Rc6
Qb5 35. Bf1 Bd5+ 36. Bg2 Bxc6 37. Bxc6 Rb1+ 38. Rxb1 Qxb1+ 39. Kg2 Bxd4 40.
Qxd4 Qa2+ 41. Kf3 Qxa5 42. Qd3 Qh5+ 43. Kg2 a5 44. Qb5 Qxb5 45. Bxb5 Ne6 46.
Kf3 Kf8 47. Ke3 Ke7 48. Kd3 a4 49. Kc3 a3 50. Bc4 Kf6 51. Kb3 Kf5 52. Kxa3 Kg4
53. Bf1 Nd4 54. Kb2 h5 55. Kc3 1/2-1/2

[Event "4.liga A22 2019/2020"]
[Site "?"]
[Date "2019.12.15"]
[Round "5.6"]
[White "Kincel, Frantisek"]
[Black "Meszaros, Nikolas"]
[Result "1-0"]
[WhiteElo "1811"]
[BlackElo "1814"]
[PlyCount "84"]
[EventDate "2019.10.13"]
[WhiteTeam "ŠK Šúrovce"]
[BlackTeam "MŠK Gabčíkovo B"]

1. b3 e5 2. Bb2 Nc6 3. e3 d5 4. Bb5 Qg5 5. Qf3 Be6 6. Nc3 O-O-O 7. Bxc6 bxc6 8.
Nge2 Bd6 9. e4 Bc5 10. Qg3 Qh6 11. O-O-O f6 12. f3 Ne7 13. Na4 Bb6 14. Bc3 c5
15. exd5 Nxd5 16. Qf2 c4 17. Nxb6+ cxb6 18. Kb2 cxb3 19. axb3 Rd7 20. d3 Rc7
21. Bd2 Qg6 22. Ra1 Rd8 23. Rhc1 Rdd7 24. Nc3 Nxc3 25. Bxc3 Kd8 26. Ra4 Ke8 27.
f4 exf4 28. Rxf4 Bd5 29. g4 h6 30. h4 Rc6 31. g5 hxg5 32. hxg5 Rdd6 33. gxf6
gxf6 34. Rg1 Qh6 35. Rh4 Qf8 36. Bb4 f5 37. Bxd6 Rxd6 38. Rh7 a5 39. Re1+ Kd8
40. Qh4+ Qf6+ 41. Qxf6+ Rxf6 42. Ree7 Bc6 1-0

[Event "4.liga A22 2019/2020"]
[Site "?"]
[Date "2019.12.15"]
[Round "5.6"]
[White "Kosar, Mikulas"]
[Black "Sipkovsky, Ladislav"]
[Result "1-0"]
[WhiteElo "1859"]
[BlackElo "1760"]
[PlyCount "73"]
[EventDate "2019.10.13"]
[WhiteTeam "MŠK Gabčíkovo B"]
[BlackTeam "ŠK Šúrovce"]

1. d4 d5 2. Nf3 g6 3. Bf4 Bg7 4. e3 a6 5. h3 Nf6 6. Bd3 c6 7. Nbd2 Nbd7 8. Ne5
Nh5 9. Ndf3 Nxf4 10. exf4 Nf6 11. O-O Nh5 12. Qd2 Bxe5 13. fxe5 Ng7 14. Qh6 Ne6
15. c3 Bd7 16. Nh4 Qb6 17. b4 O-O-O 18. Nf3 f6 19. a4 Kb8 20. Rfb1 Rdf8 21. Qd2
Ng7 22. b5 axb5 23. axb5 c5 24. exf6 Rxf6 25. Ne5 Rd8 26. Qa2 c4 27. Bxc4 dxc4
28. Nxc4 Be6 29. Qa8+ Kc7 30. Nxb6 Rxa8 31. Nxa8+ Kd6 32. Ra7 Bd5 33. Nb6 Be4
34. Re1 Re6 35. c4 Kc7 36. c5 Nf5 37. Ra8 1-0

[Event "4.liga A22 2019/2020"]
[Site "?"]
[Date "2019.12.15"]
[Round "5.6"]
[White "Foltinovic, Tomas"]
[Black "Kovarikova, Maria"]
[Result "0-1"]
[WhiteElo "1682"]
[BlackElo "1745"]
[PlyCount "56"]
[EventDate "2019.10.13"]
[WhiteTeam "ŠK Šúrovce"]
[BlackTeam "MŠK Gabčíkovo B"]

1. b4 e5 2. Bb2 f6 3. a3 d5 4. e3 Be6 5. d3 Bd6 6. c4 c6 7. c5 Bc7 8. Nd2 Ne7
9. g3 O-O 10. Bg2 a5 11. Ne2 Qd7 12. O-O Na6 13. Bc3 Bh3 14. f4 Bxg2 15. Kxg2
Nf5 16. Kf2 Nxe3 17. Kxe3 d4+ 18. Kf2 dxc3 19. Qb3+ Kh8 20. Qxc3 axb4 21. axb4
Rad8 22. d4 exd4 23. Qb3 d3 24. Nc3 Qd4+ 25. Kf3 Rfe8 26. Rfe1 Nxb4 27. Rab1
Nc2 28. Re4 Qxe4+ 0-1

[Event "4.liga A22 2019/2020"]
[Site "?"]
[Date "2019.12.15"]
[Round "5.6"]
[White "Bott, Tamas"]
[Black "Milec, Gustav"]
[Result "1-0"]
[WhiteElo "1658"]
[BlackElo "1572"]
[PlyCount "93"]
[EventDate "2019.10.13"]
[WhiteTeam "MŠK Gabčíkovo B"]
[BlackTeam "ŠK Šúrovce"]

1. e4 e6 2. d4 Ne7 3. Nc3 g6 4. e5 Bg7 5. Ne4 h6 6. Qf3 Nf5 7. c3 d6 8. Nf6+
Bxf6 9. exf6 Nc6 10. h4 h5 11. Bg5 d5 12. O-O-O Nd6 13. Bd3 Nf5 14. g4 hxg4 15.
Qxg4 Rh5 16. Re1 Kd7 17. Nf3 Qh8 18. Bb5 Kd8 19. Ne5 Nxe5 20. Rxe5 c6 21. Be2
Bd7 22. Qf4 Rh7 23. c4 Rc8 24. Bd3 b5 25. c5 a5 26. Bxf5 gxf5 27. Rxe6 Bxe6 28.
Qd6+ Bd7 29. Qe7+ Kc7 30. Bf4+ Kb7 31. Qxd7+ Ka6 32. Bc7 Qe8 33. Qxf5 Rh8 34.
Be5 Qg8 35. Qf3 Qg6 36. Kd2 Rce8 37. a4 b4 38. Qh3 Re6 39. f4 Qe4 40. Rg1 Kb7
41. Rg7 Rh7 42. Qxe6 Rxg7 43. Qd7+ Ka8 44. Qc8+ Ka7 45. Bb8+ Ka8 46. Bc7+ Ka7
47. Bb6# 1-0

[Event "4.liga A22 2019/2020"]
[Site "?"]
[Date "2019.12.15"]
[Round "5.6"]
[White "Karel, Branislav"]
[Black "Sandor, Stefan"]
[Result "0-1"]
[WhiteElo "1411"]
[BlackElo "1556"]
[PlyCount "88"]
[EventDate "2019.10.13"]
[WhiteTeam "ŠK Šúrovce"]
[BlackTeam "MŠK Gabčíkovo B"]

1. e4 e5 2. Nf3 d6 3. Bc4 Be7 4. O-O Nf6 5. h3 Nxe4 6. d3 Nf6 7. Bg5 O-O 8. Re1
Nc6 9. Nbd2 a6 10. Bb3 Na5 11. Nf1 Nxb3 12. axb3 Re8 13. c4 Bd7 14. Ng3 h6 15.
Bd2 Be6 16. d4 exd4 17. Nxd4 Bd7 18. Qc2 Nh7 19. Ndf5 Bxf5 20. Nxf5 Bf6 21.
Bxh6 gxh6 22. Nxh6+ Kg7 23. Nf5+ Kh8 24. Nh6 Rxe1+ 25. Rxe1 Qf8 26. Nf5 Re8 27.
Qc1 Rxe1+ 28. Qxe1 Bxb2 29. Ne7 Nf6 30. Qe2 Be5 31. Nf5 Nh7 32. Qh5 Bg7 33. g4
Qe8 34. g5 Qe1+ 35. Kg2 Qe4+ 36. Qf3 Qxf3+ 37. Kxf3 Nxg5+ 38. Kg4 Ne4 39. f4
Bf6 40. h4 Nd2 41. Ne3 Nxb3 42. Nd5 Bd8 43. Kh5 a5 44. Nc3 Nd2 0-1

[Event "4.liga A22 2019/2020"]
[Site "?"]
[Date "2020.01.12"]
[Round "6.1"]
[White "Skreko, Igor"]
[Black "Farkas, Gabor"]
[Result "0-1"]
[WhiteElo "1791"]
[BlackElo "2355"]
[PlyCount "80"]
[EventDate "2019.10.13"]
[WhiteTeam "ŠK KOMPLET Trnava - Modranka juniori"]
[BlackTeam "MŠK Gabčíkovo B"]

1. c4 f5 2. Nc3 Nf6 3. g3 g6 4. Bg2 Bg7 5. d4 d6 6. Nf3 O-O 7. O-O Nc6 8. Rb1
h6 9. e3 e5 10. dxe5 dxe5 11. Qe2 e4 12. Ne1 Be6 13. Bd2 Ne5 14. b3 g5 15. f3
exf3 16. Nxf3 Nxf3+ 17. Bxf3 c6 18. Rbd1 Qc7 19. e4 Rae8 20. Rde1 fxe4 21. Nxe4
Nxe4 22. Bxe4 Bd4+ 23. Be3 Rxf1+ 24. Qxf1 Bxe3+ 25. Rxe3 Qb6 26. Qd3 Rd8 27.
Qe2 Bg4 28. Qf2 Rf8 29. Qe1 Bh3 30. Bd3 Rf3 31. c5 Qxc5 32. Bc4+ Kf8 33. Qb4
Qxb4 34. Rxf3+ Ke7 35. Re3+ Kd6 36. Rd3+ Ke5 37. Re3+ Kd4 38. Re8 Qc5 39. Re2
Kc3+ 40. Kh1 Bg4 0-1

[Event "4.liga A22 2019/2020"]
[Site "?"]
[Date "2020.01.12"]
[Round "6.1"]
[White "Meszaros, Nikolas"]
[Black "Longauer, Jan"]
[Result "0-1"]
[WhiteElo "1799"]
[BlackElo "1829"]
[PlyCount "88"]
[EventDate "2019.10.13"]
[WhiteTeam "MŠK Gabčíkovo B"]
[BlackTeam "ŠK KOMPLET Trnava - Modranka juniori"]

1. d4 Nf6 2. c4 g6 3. Nc3 Bg7 4. g3 O-O 5. Bg2 d6 6. e3 Nbd7 7. Qb3 c6 8. Nge2
e5 9. O-O Re8 10. dxe5 Nxe5 11. Nd4 Nfd7 12. Ne4 Nc5 13. Nxc5 dxc5 14. Nf3
Nxf3+ 15. Bxf3 Bh3 16. Rd1 Qf6 17. e4 h5 18. Re1 Rad8 19. Bg2 Bxg2 20. Kxg2 h4
21. Re2 b6 22. Rb1 Rd4 23. f3 g5 24. Be3 h3+ 25. Kf2 Rdxe4 26. Rbe1 g4 27. f4
Qe6 28. Rc2 Bd4 29. Rce2 Qd7 30. a3 Bxe3+ 31. Rxe3 Qd4 32. Qc3 Rxe3 33. Rxe3
Rxe3 34. Qxe3 Qxb2+ 35. Ke1 Qb1+ 36. Ke2 Qa2+ 37. Ke1 Qxc4 38. Qe8+ Kh7 39. Qd8
Qe4+ 40. Kf1 Qf3+ 41. Ke1 Qh1+ 42. Ke2 Qxh2+ 43. Kd1 Qg1+ 44. Kc2 Qf2+ 0-1

[Event "4.liga A22 2019/2020"]
[Site "?"]
[Date "2020.01.12"]
[Round "6.1"]
[White "Rau, Vladimir"]
[Black "Kosar, Mikulas"]
[Result "0-1"]
[WhiteElo "1708"]
[BlackElo "1852"]
[PlyCount "108"]
[EventDate "2019.10.13"]
[WhiteTeam "ŠK KOMPLET Trnava - Modranka juniori"]
[BlackTeam "MŠK Gabčíkovo B"]

1. d4 e6 2. c4 f5 3. Nc3 Nf6 4. Bg5 h6 5. Bd2 b6 6. Nf3 d6 7. g3 Bb7 8. Bg2 Be7
9. O-O O-O 10. Rc1 Nbd7 11. Qb3 Kh7 12. Rfe1 Ne4 13. Red1 Bf6 14. Be1 Qe7 15.
Qc2 Rac8 16. Nxe4 fxe4 17. e3 Kh8 18. Nd2 d5 19. Qa4 a6 20. Bh3 c6 21. cxd5
exd5 22. Nb3 Qf7 23. Rc2 a5 24. Rdc1 Bg5 25. Qa3 Be7 26. Qa4 Bg5 27. Nd2 Rc7
28. Nb1 Ra8 29. Qb3 b5 30. a3 Nb6 31. Nc3 a4 32. Qa2 Nc4 33. Re2 Qh5 34. Bf1
Bc8 35. Qb1 Rf7 36. Nd1 Bg4 37. Rec2 Raf8 38. Bxc4 bxc4 39. Bb4 Bf3 40. Kf1
Qxh2 41. Ke1 Re8 42. Re2 Bxe2 43. Kxe2 Re6 44. Qc2 Rf3 45. Be1 Ref6 46. Qc3
Rxg3 47. Qb4 Rg1 48. Rc2 Qh1 49. Rc1 Rf3 50. Qc3 Rh3 51. Qb4 Qf3+ 52. Kd2 Rhh1
53. Qb8+ Kh7 54. Nc3 Bxe3+ 0-1

[Event "4.liga A22 2019/2020"]
[Site "?"]
[Date "2020.01.12"]
[Round "6.1"]
[White "Kovarikova, Maria"]
[Black "Skreko, Igor"]
[Result "1-0"]
[WhiteElo "1705"]
[BlackElo "1470"]
[PlyCount "102"]
[EventDate "2019.10.13"]
[WhiteTeam "MŠK Gabčíkovo B"]
[BlackTeam "ŠK KOMPLET Trnava - Modranka juniori"]

1. e4 e5 2. Nf3 Nf6 3. Nc3 Nc6 4. a3 Be7 5. d4 Nxd4 6. Nxe5 Ne6 7. Bc4 O-O 8.
b4 d6 9. Nf3 c6 10. Bb3 Nc7 11. O-O Be6 12. Nd4 Bxb3 13. cxb3 Re8 14. Nf5 Bf8
15. Re1 Ne6 16. Bb2 g6 17. Ng3 Bg7 18. Qd2 Nd7 19. Nce2 Ne5 20. Rad1 Qf6 21.
Bc3 Qe7 22. Qxd6 Qxd6 23. Rxd6 Rad8 24. Red1 Rxd6 25. Rxd6 Rd8 26. Rxd8+ Nxd8
27. f4 Nd7 28. Bxg7 Kxg7 29. Kf2 f6 30. Ke3 Kf7 31. Nf1 Ne6 32. Nd2 Ke7 33. Nc4
b6 34. Nd4 Nxd4 35. Kxd4 Ke6 36. h3 c5+ 37. Kd3 f5 38. e5 cxb4 39. axb4 h6 40.
Ne3 Nb8 41. Kc4 Nd7 42. Nd5 Nxe5+ 43. fxe5 Kxe5 44. Ne7 g5 45. Kd3 b5 46. Nc6+
Kf4 47. Nxa7 Kg3 48. Nxb5 Kxg2 49. Nd4 f4 50. b5 f3 51. Nxf3 Kxf3 1-0

[Event "4.liga A22 2019/2020"]
[Site "?"]
[Date "2020.01.12"]
[Round "6.1"]
[White "Libich, Simon"]
[Black "Sandor, Stefan"]
[Result "0-1"]
[WhiteElo "1175"]
[BlackElo "1563"]
[PlyCount "118"]
[EventDate "2019.10.13"]
[WhiteTeam "ŠK KOMPLET Trnava - Modranka juniori"]
[BlackTeam "MŠK Gabčíkovo B"]

1. d4 Nf6 2. c4 e6 3. Nf3 d5 4. e3 Be7 5. Be2 O-O 6. O-O dxc4 7. Nc3 b6 8. Ne5
Bb7 9. Bf3 Qc8 10. Nxc4 Bxf3 11. Qxf3 Nbd7 12. b3 c5 13. Bb2 cxd4 14. exd4 Qd8
15. Rfd1 Ne8 16. Rac1 Nef6 17. d5 exd5 18. Nxd5 Nxd5 19. Rxd5 Qe8 20. Re1 f6
21. Ba3 Ne5 22. Qe4 Bxa3 23. Nxa3 Nf7 24. Qe7 Qxe7 25. Rxe7 Rfe8 26. Rdd7 Rxe7
27. Rxe7 Kf8 28. Rc7 Ke8 29. Kf1 a6 30. Rc6 b5 31. g3 Kd7 32. Rc2 Ne5 33. f4
Nc6 34. Rd2+ Kc7 35. Nc2 Rd8 36. Rxd8 Nxd8 37. Ke2 Ne6 38. Nb4 a5 39. Nc2 f5
40. Ne3 g6 41. Nd5+ Kd6 42. Nc3 Kc5 43. Kd3 Kb4 44. Kc2 Nd4+ 45. Kb2 Nf3 46. h3
Ng5 47. a3+ Kc5 48. h4 Nf3 49. Kc2 Nd4+ 50. Kb2 b4 51. axb4+ axb4 52. Nb1 Ne2
53. Kc2 Nxg3 54. Kd3 Nh5 55. Ke3 Nf6 56. Nd2 Nd5+ 57. Kf3 Kd4 58. Nb1 h5 59.
Kg3 Ke3 0-1

[Event "4.liga A22 2019/2020"]
[Site "?"]
[Date "2020.01.12"]
[Round "6.2"]
[White "Kalmar, Tamas"]
[Black "Jablonicky, Frantisek"]
[Result "0-1"]
[WhiteElo "2060"]
[BlackElo "2017"]
[PlyCount "47"]
[EventDate "2019.10.13"]
[WhiteTeam "DSC Potôňska veža C"]
[BlackTeam "ŠK Šúrovce"]

1. d4 f5 2. c4 Nf6 3. Nc3 g6 4. g3 Bg7 5. Bg2 O-O 6. Nf3 d6 7. O-O Qe8 8. d5
Na6 9. Nd4 Bd7 10. e4 Nxe4 11. Nxe4 fxe4 12. Bxe4 c6 13. Bg2 Nc7 14. Be3 c5 15.
Nf3 b5 16. Qd2 bxc4 17. Bh6 Qf7 18. Bxg7 Qxg7 19. Rac1 Rab8 20. a4 Rb4 21. Ng5
Qxb2 22. Qe3 Qf6 23. f4 Qd4 24. Rfe1 0-1

[Event "4.liga A22 2019/2020"]
[Site "?"]
[Date "2020.01.12"]
[Round "6.2"]
[White "Lukacovic, Miroslav"]
[Black "Meszaros, Lorant"]
[Result "1/2-1/2"]
[WhiteElo "1919"]
[BlackElo "1921"]
[PlyCount "85"]
[EventDate "2019.10.13"]
[WhiteTeam "ŠK Šúrovce"]
[BlackTeam "DSC Potôňska veža C"]

1. d4 f5 2. g3 Nf6 3. Bg2 g6 4. c4 Bg7 5. Nc3 d6 6. Nh3 O-O 7. O-O e5 8. dxe5
dxe5 9. Qb3 c6 10. Ng5 Qb6 11. Be3 Qxb3 12. axb3 h6 13. Rxa7 Rxa7 14. Bxa7 Na6
15. Nf3 Re8 16. Rd1 Bf8 17. Be3 Ng4 18. Bb6 e4 19. Ne1 Nc5 20. h3 Ne5 21. Bxc5
Bxc5 22. e3 h5 23. h4 Kf8 24. Bf1 Ke7 25. Be2 Rd8 26. Rxd8 Kxd8 27. Nc2 Be6 28.
Nd4 Bf7 29. Kf1 Kc7 30. Ke1 Bb4 31. Kd2 Be7 32. Nc2 Bd6 33. Ne1 Nd7 34. Ng2 Be5
35. Nf4 Nc5 36. b4 Ne6 37. Nxe6+ Bxe6 38. b3 b6 39. Kc2 Bd6 40. b5 c5 41. Na2
Be7 42. Bd1 Bf7 43. Nc3 1/2-1/2

[Event "4.liga A22 2019/2020"]
[Site "?"]
[Date "2020.01.12"]
[Round "6.2"]
[White "Szocs, Ladislav"]
[Black "Kincel, Frantisek"]
[Result "1-0"]
[WhiteElo "1779"]
[BlackElo "1828"]
[PlyCount "85"]
[EventDate "2019.10.13"]
[WhiteTeam "DSC Potôňska veža C"]
[BlackTeam "ŠK Šúrovce"]

1. Nf3 b6 2. g3 Bb7 3. Bg2 Nf6 4. O-O e6 5. d4 c5 6. c4 cxd4 7. Nxd4 Bxg2 8.
Kxg2 Bc5 9. Nc3 a6 10. Bf4 O-O 11. Nb3 Be7 12. e4 Nc6 13. e5 Ne8 14. h4 Qc7 15.
Qe2 Rc8 16. Rfd1 d6 17. exd6 Bxd6 18. Bxd6 Nxd6 19. c5 Nb7 20. cxb6 Qxb6 21.
Rd7 Ne5 22. Rdd1 f6 23. Rac1 Rfd8 24. f3 Rxd1 25. Rxd1 Kf7 26. Qe4 Kg8 27. f4
Nc4 28. Rd7 Nd8 29. Nd5 Qb8 30. Ne7+ Kf8 31. Nxc8 Qxc8 32. Rxd8+ Qxd8 33. Qxc4
Qa8+ 34. Kf2 Kf7 35. Nc5 Qc6 36. Qxe6+ Qxe6 37. Nxe6 Kxe6 38. Ke3 f5 39. Kd4 h6
40. h5 Kf6 41. b4 g6 42. hxg6 Kxg6 43. a4 1-0

[Event "4.liga A22 2019/2020"]
[Site "?"]
[Date "2020.01.12"]
[Round "6.2"]
[White "Cmarada, Juraj"]
[Black "Both, Lajos"]
[Result "1-0"]
[WhiteElo "1803"]
[BlackElo "1701"]
[PlyCount "73"]
[EventDate "2019.10.13"]
[WhiteTeam "ŠK Šúrovce"]
[BlackTeam "DSC Potôňska veža C"]

1. e4 c5 2. Nf3 Nc6 3. d4 cxd4 4. Nxd4 Nf6 5. Nc3 e5 6. Ndb5 d6 7. Bg5 a6 8.
Bxf6 gxf6 9. Na3 b5 10. Nd5 Bg7 11. Qh5 Be6 12. c3 Rb8 13. Nc2 O-O 14. Bd3 Ne7
15. O-O-O Ng6 16. g3 f5 17. Nce3 fxe4 18. Bxe4 Kh8 19. f4 exf4 20. gxf4 Qh4 21.
Bxg6 Qxh5 22. Bxh5 b4 23. f5 Bd7 24. Nxb4 Rfc8 25. Nbc2 Bh6 26. Rxd6 Bc6 27.
Rf1 Bf8 28. Rdd1 f6 29. Bf7 Bh6 30. Be6 Rc7 31. Kb1 Be4 32. Ka1 Rcb7 33. Rd4
Bxc2 34. Nxc2 Rxb2 35. Rfd1 Rxc2 36. Rd8+ Bf8 37. Rxb8 1-0

[Event "4.liga A22 2019/2020"]
[Site "?"]
[Date "2020.01.12"]
[Round "6.2"]
[White "Sido, Daniel"]
[Black "Meszaros, Casey Ryan"]
[Result "1/2-1/2"]
[WhiteElo "1580"]
[BlackElo "1299"]
[PlyCount "90"]
[EventDate "2019.10.13"]
[WhiteTeam "DSC Potôňska veža C"]
[BlackTeam "ŠK Šúrovce"]

1. e4 e5 2. Bc4 Nf6 3. Nc3 Bc5 4. h3 O-O 5. d3 h6 6. a3 a6 7. b4 Ba7 8. Nf3 Nc6
9. O-O d6 10. Kh1 Qe7 11. Nh2 Be6 12. Ba2 Bxa2 13. Rxa2 Rad8 14. Nd5 Nxd5 15.
exd5 Nb8 16. c4 Nd7 17. Re2 f6 18. f4 Qf7 19. f5 Rc8 20. Re4 Kh7 21. Rf3 Rg8
22. Rg3 c6 23. dxc6 Rxc6 24. Qf3 b5 25. Rh4 Rc7 26. Ng4 h5 27. Ne3 Rh8 28.
Rxh5+ Kg8 29. Rxh8+ Kxh8 30. Nd5 Rc8 31. Rg4 Nb6 32. Be3 Nxd5 33. Bxa7 Nxb4 34.
axb4 Qxa7 35. Qd5 g5 36. fxg6 Kg7 37. Qxd6 Rc7 38. Qd5 Rd7 39. Qe4 Rd4 40. Qf3
Qd7 41. Rxd4 Qxd4 42. Qb7+ Kxg6 43. Qxa6 Qxd3 44. Qxb5 Qf1+ 45. Kh2 Qf4+
1/2-1/2

[Event "4.liga A22 2019/2020"]
[Site "?"]
[Date "2020.01.12"]
[Round "6.3"]
[White "Bugar, Peter"]
[Black "Slamena, Michal"]
[Result "1-0"]
[WhiteElo "2010"]
[BlackElo "2007"]
[PlyCount "153"]
[EventDate "2019.10.13"]
[WhiteTeam "ŠK Dunajská Streda C"]
[BlackTeam "ŠK Hlohovec B"]

1. c4 e5 2. g3 Nf6 3. Nc3 Bb4 4. Bg2 O-O 5. a3 Bxc3 6. bxc3 c5 7. e4 Nc6 8. d3
d6 9. Nf3 Be6 10. O-O h6 11. Rb1 Rb8 12. Qe2 a6 13. a4 Bg4 14. h3 Be6 15. Rd1
Na5 16. Qc2 Nd7 17. Nh4 Qf6 18. Rf1 g5 19. Nf3 Qe7 20. h4 f6 21. Be3 Kg7 22.
Qc1 Rh8 23. Nh2 Kh7 24. f4 gxf4 25. gxf4 exf4 26. Bxf4 Rhg8 27. Kh1 Ne5 28. Qe3
Ng4 29. Qf3 h5 30. Bd2 Rbf8 31. Qf4 Rg6 32. Bf3 Nc6 33. Bxg4 Bxg4 34. Nxg4 hxg4
35. Qf5 Kg7 36. h5 Ne5 37. d4 g3 38. dxe5 g2+ 39. Kh2 gxf1=N+ 40. Rxf1 Qxe5+
41. Qxe5 dxe5 42. hxg6 Rd8 43. Be3 Rd3 44. Rf3 Kxg6 45. Rg3+ Kh5 46. Bxc5 Rd2+
47. Rg2 Rd3 48. Rc2 Kg4 49. Be7 Re3 50. Bxf6 Rxe4 51. a5 Kf5 52. Be7 Ke6 53.
Bb4 Rxc4 54. Kg3 Rc7 55. Kf3 Rh7 56. Re2 Kf5 57. Rf2 e4+ 58. Ke2+ Ke5 59. Bc5
Kd5 60. Bd4 Rh5 61. Rf7 Rh2+ 62. Ke3 Rh3+ 63. Kf2 Kc4 64. Rxb7 Kd3 65. Re7 Rf3+
66. Kg2 Rf5 67. Rd7 Ke2 68. Bb6 Rg5+ 69. Kh3 Kf3 70. Rf7+ Ke2 71. c4 Kd3 72. c5
Rg6 73. Rd7+ Ke2 74. Rd6 Rg8 75. c6 Kf3 76. Rf6+ Ke2 77. c7 1-0

[Event "4.liga A22 2019/2020"]
[Site "?"]
[Date "2020.01.12"]
[Round "6.3"]
[White "Tupy, Bystrik"]
[Black "Matis, Tibor"]
[Result "0-1"]
[WhiteElo "1727"]
[BlackElo "1973"]
[PlyCount "70"]
[EventDate "2019.10.13"]
[WhiteTeam "ŠK Hlohovec B"]
[BlackTeam "ŠK Dunajská Streda C"]

1. e4 c5 2. Nf3 Nc6 3. c3 d5 4. exd5 Qxd5 5. d4 Bg4 6. Be2 e6 7. Bf4 Rd8 8. Be3
cxd4 9. cxd4 Nf6 10. O-O Bd6 11. h3 Bh5 12. Nc3 Qa5 13. a3 Bb8 14. b4 Qc7 15.
g3 O-O 16. b5 Bxf3 17. Bxf3 Nxd4 18. Bxd4 e5 19. Bxe5 Qxe5 20. Qe1 Rd3 21. Bxb7
Qxc3 22. Qxc3 Rxc3 23. Rfc1 Rxc1+ 24. Rxc1 h6 25. a4 Be5 26. a5 Rb8 27. Bc6 Bc7
28. a6 Bb6 29. Rd1 Rd8 30. Rf1 Rd2 31. Kg2 Nd7 32. g4 Ne5 33. Be4 Nd3 34. Bxd3
Rxd3 35. f3 Rb3 0-1

[Event "4.liga A22 2019/2020"]
[Site "?"]
[Date "2020.01.12"]
[Round "6.3"]
[White "Minarik, Jozef"]
[Black "Tupy, Emil"]
[Result "1-0"]
[WhiteElo "1653"]
[BlackElo "1611"]
[PlyCount "95"]
[EventDate "2019.10.13"]
[WhiteTeam "ŠK Dunajská Streda C"]
[BlackTeam "ŠK Hlohovec B"]

1. e4 g6 2. d4 Bg7 3. Bc4 d6 4. Nc3 c6 5. Nge2 Nf6 6. f3 b5 7. Bb3 a5 8. a3 a4
9. Ba2 Nbd7 10. Be3 Ba6 11. Qd2 h5 12. Nf4 Qc7 13. Qf2 e5 14. dxe5 dxe5 15. Nd3
O-O 16. h3 Rfc8 17. f4 Nh7 18. f5 Kh8 19. Bxf7 gxf5 20. exf5 Ndf6 21. Bg6 Nd5
22. Ne4 Nxe3 23. Qxe3 Qa7 24. Qxa7 Rxa7 25. g4 Nf6 26. Ndc5 Nxe4 27. Nxe4 c5
28. f6 Bf8 29. Kf2 Bb7 30. Rae1 c4 31. c3 h4 32. g5 Bd5 33. Rd1 Rd8 34. Bf5 Ra6
35. Rhf1 Raa8 36. Kf3 Bxe4+ 37. Bxe4 Rxd1 38. Rxd1 Rb8 39. Kg4 b4 40. cxb4 Bxb4
41. axb4 Rc8 42. b5 Kg8 43. Bc6 Kf7 44. Kf5 Kf8 45. g6 c3 46. bxc3 a3 47. g7+
Kg8 48. Kg6 1-0